00756nam a22002177a 4500999001900000005001700019010001300036020002600049035001300075037000900088082001100097100001500108245004200123250001300165260004500178270006300223300002600286490004000312942002500352952016100377 c179135d17913520210524145813.0 aB-739929 a9780195648225c965.00 aB-739929 bGift a305.56 aK.S. Singh aThe scheduled castes /cby K.S. Singh arev. ed. aNew DelhibOxford University Pressc2012 aYMCA Library Building, 1 Jai Singh RoadbNew Delhie110001 axv, 1375p.c22cm(pbk) aPeople of India National SeriesvII 2ddccENh305.56mSIN 001040708NFICaAVbAVd2021-05-24eGift/Eng/03-05-2021g965.00l1o305.56 SINpB-739929r2023-03-25 00:00:00s2023-03-20t1v965.00w2021-05-24yENzGift